000 00858cam a2200265 i 4500
001 16815
003 DO-SdUEMH
005 20260217181416.0
007 ta
008 211105s2002 dr |||gr|||| 000 0 spa|d
040 _aDO-SdUEMH
_bspa
_erda
041 _aspa
082 1 4 _mCG
_a393.14
_bS572a
084 _b18-00184
100 _aSieres, Jaime
_eaut
245 1 0 _aAtención en la prevención y tratamiento de las drogadependencias :
_brecopilación de apuntes /
_cJaime Sieres, Josefa Gómez Moya, Alberto Sancho Muñoz, Maite Cortés Tomas Juan Bautista Martí
260 _c2002
264 0 1 _aValencia :
_bFundación para el desarrollo de la enfermería (FUNDEN),
_c2002
300 _c29 cm.
336 _2rdacontent
_atexto
_btxt
337 _2rdamedia
_asin mediación
_bn
338 _2rdacarrier
_avolumen
_bnc
942 _2ddc
_cBK
_n0
999 _c16815
_d16815